Ramón J. Sender: el distanciamiento del exilio

Gorde:
Xehetasun bibliografikoak
Egile nagusia: Castillo-Puche, José Luis (Egilea)
Formatua: Liburua
Hizkuntza:gaztelania
Argitaratua: Barcelona Destino 1985
Saila:Destinolibro, 238
Gaiak:
Etiketak: Etiketa erantsi
Etiketarik gabe, Izan zaitez lehena erregistro honi etiketa jartzen!

MARC

LEADER 00000nam a2200000 a 4500
001 UCQ8014
003 CL-VaPUC
008 981127e19850000SP |||||||||||||||||spa|d
082 0 4 |a 863.09  |b CAS  |2 21 
100 0 |a Castillo-Puche, José Luis  |e author  |9 376895 
245 1 0 |a Ramón J. Sender: el distanciamiento del exilio 
300 |a 155 p 
942 |c BK 
945 |d 19981127 00:00:00  |a crobeson 
260 |a Barcelona  |b Destino  |c 1985 
600 0 7 |a SENDER, JOSE RAMON  |2 CL-VaPUC  |9 421852 
650 7 |a NOVELA ESPAÑOLA  |2 CL-VaPUC  |9 313139 
650 0 |a Literatura española  |9 306261 
650 0 |a Crítica e interpretación   |9 255042 
583 |a last modification  |c 19981127 00:00:00  |k Rodrigo Vera 
490 0 |a Destinolibro, 238 
999 |c 277386  |d 277384 
952 |0 0  |1 0  |4 0  |6 863_090000000000000_CAS_1985  |7 0  |8 A  |9 315287  |a FDOPOS  |b FDOPOS  |d 2019-11-20  |i 1496077  |o 863.09 CAS 1985  |p 1496077  |r 2025-01-22  |w 2019-11-20  |y BK  |k MLH